000 00376nam a22001697a 4500
005 20260407160838.0
008 160613b xxu||||| |||| 00| 0 eng d
020 _a81-291-0383-4
041 _aeng
082 _a303.48
100 _aMohanty, S
_91777
245 _aBabudom
260 _aNew Delhi
_bRupa & Co.
_c2004
300 _a296
650 _aManagement
942 _cBK
999 _c2499
_d2498